| 000 | 00660cam a22002535a 4500 | ||
|---|---|---|---|
| 001 | L157821 | ||
| 002 | 18906 | ||
| 008 | 130530s2011 xxk f 000 0 eng d | ||
| 020 | _a9781859463895 | ||
| 035 | _a(Sirsi) u157821 | ||
| 041 | 0 | _aeng | |
| 050 | 0 | 4 | _a692.8 |
| 100 | 1 | _aLupton, Sarah | |
| 245 | 0 | 0 | _aGuide to mw11 |
| 260 |
_aLondon _bRIBA _c2011 |
||
| 350 | _a35.00 | ||
| 520 | _aGuide to the JCT Minor Works Contract 2011. The guide points out the changes to the 2011 contract. | ||
| 590 | _aKA | ||
| 650 | 2 | 4 | _aJOINT CONTRACTS TRIBUNAL |
| 650 | 2 | 4 | _aJCT MINOR WORKS |
| 651 | 4 | _aENGLAND AND WALES | |
| 690 |
_aContracts _96232 |
||
| 942 | _n0 | ||
| 999 |
_c114984 _d114984 |
||